Python Testing Cookbook (Record no. 333927)

MARC details
000 -LEADER
fixed length control field 00433nam a2200169Ia 4500
008 - FIXED-LENGTH DATA ELEMENTS--GENERAL INFORMATION
fixed length control field 230718s9999 xx 000 0 und d
020 ## - INTERNATIONAL STANDARD BOOK NUMBER
International Standard Book Number 9789350239377
041 ## - LANGUAGE CODE
Language code of text/sound track or separate title eng
082 ## - DEWEY DECIMAL CLASSIFICATION NUMBER
Classification number 005.13'3
Item number TUR
100 ## - MAIN ENTRY--PERSONAL NAME
Personal name Turnquist G.L.
9 (RLIN) 195107
245 ## - TITLE STATEMENT
Title Python Testing Cookbook
260 ## - PUBLICATION, DISTRIBUTION, ETC. (IMPRINT)
Date of publication, distribution, etc. 2011
Name of publisher, distributor, etc. Packt/SPD
300 ## - PHYSICAL DESCRIPTION
Extent 348
365 ## - TRADE PRICE
Currency code Rs.
Price amount 650.00
700 ## - ADDED ENTRY--PERSONAL NAME
Personal name Turnquist G.L.
9 (RLIN) 195107
906 ## - LOCAL DATA ELEMENT F, LDF (RLIN)
d B:403110-Sep-2013
c COMP
b 143
Holdings
Withdrawn status Lost status Damaged status Not for loan Home library Current library Date acquired Vendor Budget Code Cost, normal purchase price Bill number Total Checkouts Full call number Barcode Date last seen Discount Cost, replacement price Bill Date Koha item type Original Barcode
        Cummins College of Engineering for Women Pune Cummins College of Engineering for Women Pune 25/10/2013 Technical Book Services COMP 507.00 4031   005.13'3 CCEP-BK-45134 18/07/2023 143 650.00 10/09/2013 Books 045134